|
|
|
|
| LEADER |
00000nab a2200000 a 4500 |
| 001 |
vtls000779106 |
| 003 |
SK-MaSNL |
| 005 |
20260302152556.0 |
| 008 |
180206c2001 xo 0 slo |
| 015 |
|
|
|a SNBRB2002/01-01614
|
| 035 |
|
|
|a CLN000130875
|
| 040 |
|
|
|a SNKBUCL
|b slo
|c SNKBUCL
|e AACR2
|
| 041 |
0 |
|
|a slo
|
| 044 |
|
|
|a xo
|c SK
|
| 080 |
|
|
|a 301.15:008(437.6):374(437.6)
|2 UDC-MRF-SK2
|
| 100 |
1 |
|
|a Čukan, Karol,
|d 1955-
|4 aut
|9 99504
|
| 245 |
1 |
0 |
|a Miestna kultúra a občania
|b dostupnosť kultúry a miestna kultúrna z pohľadu občanov
|c Karol Čuka
|
| 300 |
|
|
|b Obr.
|
| 650 |
0 |
7 |
|a kultúra miestna
|z Slovensko
|x výskumy sociologicko-empirické
|2 snkbucl
|9 846136
|
| 655 |
|
7 |
|a články z novín a časopisov
|2 snkbucl
|9 267496
|
| 773 |
0 |
|
|x 1335-4515
|t Národná osveta
|g Roč. 11, č. 15 (2001), s. 11-12
|
| 850 |
|
|
|a Slovenská národná knižnica v Martine
|
| 852 |
|
|
|a SNK
|b KIS3GCP
|
| 958 |
|
|
|a RBX
|
| 999 |
|
|
|c 1362999
|d 1364929
|